[Event "Barcelona Sant Marti op 11th"]
[Site "Barcelona"]
[Date "2024.02.22"]
[Round "7"]
[White "Balague Orduna, Enric"]
[Black "Niubo Calvo, Juan"]
[Result "1/2-1/2"]
[WhiteElo "1828"]
[BlackElo "1710"]
[PlyCount "99"]
[EventDate "2024.01.11"]
[EventType "swiss"]
[EventRounds "9"]
[EventCountry "ESP"]
[SourceTitle "CB11_2024"]
[SourceDate "2024.03.13"]
[SourceVersion "1"]
[SourceVersionDate "2024.03.13"]
[SourceQuality "1"]

1. e4 c5 2. Nf3 d6 3. c3 Nf6 4. h3 Qa5 5. Bd3 Nc6 6. 0-0 Bd7 7. Re1 e5 8. Bc2 Rc8 9. d3 Be7 10. Nbd2 0-0 11. Nf1 b5 12. Ng3 Qc7 13. Be3 d5 14. Qe2 d4 15. Bd2 Be6 16. Ng5 Nd8 17. cxd4 cxd4 18. Nxe6 Nxe6 19. Rac1 Qd7 20. Nf5 Rfe8 21. g3 Bf8 22. Qf3 Rc6 23. g4 Rec8 24. Bb3 Rxc1 25. Rxc1 Rxc1+ 26. Bxc1 a5 27. Nh6+ gxh6 28. Qxf6 Bg7 29. Qf5 Qc7 30. Bd2 Nc5 31. Bxa5 Qd7 32. Qxd7 Nxd7 33. Bb4 Bf8 34. Bxf8 Kxf8 35. Kf1 Nc5 36. Bc2 Ne6 37. Kg2 Nf4+ 38. Kg3 f6 39. h4 Ke7 40. h5 Ne6 41. Kf3 Nc5 42. Ke2 b4 43. Kd2 Kd6 44. Kc1 Kc6 45. Kd2 Kd6 46. Kc1 Kc6 47. b3 Kb6 48. Kb2 Ne6 49. a4 Ng5 50. Bd1 1/2-1/2

[Event "Barcelona Sant Marti op 11th"]
[Site "Barcelona"]
[Date "2024.01.25"]
[Round "3"]
[White "Balague Orduna, Enric"]
[Black "Millaret Lores, Francesco"]
[Result "0-1"]
[WhiteElo "1828"]
[BlackElo "2075"]
[PlyCount "100"]
[EventDate "2024.01.11"]
[EventType "swiss"]
[EventRounds "9"]
[EventCountry "ESP"]
[SourceTitle "CB11_2024"]
[SourceDate "2024.03.13"]
[SourceVersion "1"]
[SourceVersionDate "2024.03.13"]
[SourceQuality "1"]

1. e4 c5 2. Nf3 e6 3. c3 d6 4. d4 Nd7 5. Bd3 Qc7 6. 0-0 a6 7. a4 Ngf6 8. Qe2 Be7 9. Na3 b6 10. Bd2 Bb7 11. b4 d5 12. e5 Ne4 13. Bxe4 dxe4 14. Ng5 Qc6 15. f3 cxb4 16. cxb4 exf3 17. Qxf3 0-0 18. Qxc6 Bxc6 19. a5 Rac8 20. Rfc1 bxa5 21. bxa5 Bd5 22. Nc2 Rb8 23. Rab1 Rfc8 24. Rxb8 Nxb8 25. Nf3 Be4 26. Nce1 Rxc1 27. Bxc1 Nc6 28. Nd2 Bd5 29. Bb2 Bb4 30. Ndf3 Bxa5 31. Nd3 Bb6 32. Nc5 Bxf3 33. gxf3 Nxe5 34. f4 Bxc5 35. dxc5 Nc6 36. Kf2 f6 37. Ke3 Kf7 38. Ke4 Ke7 39. Bc3 Kd7 40. Kd3 Ne7 41. Kc4 Kc6 42. Bd2 Nd5 43. Bc1 a5 44. Bd2 a4 45. Bc1 e5 46. fxe5 fxe5 47. Bb2 e4 48. Bxg7 e3 49. Bd4 e2 50. Bf2 Nf4 0-1

[Event "Barcelona Sant Marti op-B 22nd"]
[Site "Barcelona"]
[Date "2022.07.20"]
[Round "8"]
[White "Garcia Ruiz, Adrian"]
[Black "Balague Orduna, Enric"]
[Result "1-0"]
[WhiteElo "1782"]
[BlackElo "1924"]
[PlyCount "109"]
[EventDate "2022.07.13"]
[EventType "swiss"]
[EventRounds "9"]
[EventCountry "ESP"]
[SourceTitle "CBM 210 Extra"]
[Source "ChessBase"]
[SourceDate "2022.11.30"]
[SourceVersion "1"]
[SourceVersionDate "2022.11.30"]
[SourceQuality "1"]

1. e4 e5 2. Nf3 Nc6 3. Bb5 a6 4. Ba4 d6 5. 0-0 Nf6 6. Re1 g6 7. Bxc6+ bxc6 8. d4 Qe7 9. dxe5 dxe5 10. Qd3 Bb7 11. Qc3 Nd7 12. Nbd2 Qb4 13. Qd3 Qb5 14. c4 Qb4 15. a3 Qd6 16. Qc3 Bg7 17. Nb3 Rd8 18. c5 Qe6 19. Na5 Bc8 20. b4 h6 21. Bb2 0-0 22. Nc4 f6 23. Rad1 Rfe8 24. Qc2 Nf8 25. h3 h5 26. Na5 Nd7 27. Nc4 Nf8 28. Bc1 Kh7 29. Rxd8 Rxd8 30. Ncxe5 Bh6 31. Bxh6 Kxh6 32. Nc4 Kg7 33. Ne3 Nd7 34. Rd1 Re8 35. Nd4 Qxe4 36. Qxe4 Rxe4 37. Nxc6 Nf8 38. Rd8 Bd7 39. Nb8 Bb5 40. Rc8 Ne6 41. Nd5 Re1+ 42. Kh2 Ra1 43. Nxc7 Nxc7 44. Rxc7+ Kf8 45. c6 Rxa3 46. Nd7+ Ke7 47. Nb8+ Kd8 48. Rf7 Kc8 49. c7 Rb3 50. Rxf6 Rxb4 51. Nxa6 Bxa6 52. Rxa6 Kxc7 53. Rxg6 Rb5 54. h4 Kd7 55. Rg5 1-0

[Event "Barcelona Sant Marti op-B 22nd"]
[Site "Barcelona"]
[Date "2022.07.16"]
[Round "4"]
[White "Balague Orduna, Enric"]
[Black "Vardanyan Asilbekyan, Ani"]
[Result "1-0"]
[WhiteElo "1924"]
[BlackElo "1157"]
[PlyCount "81"]
[EventDate "2022.07.13"]
[EventType "swiss"]
[EventRounds "9"]
[EventCountry "ESP"]
[SourceTitle "CBM 210 Extra"]
[Source "ChessBase"]
[SourceDate "2022.11.30"]
[SourceVersion "1"]
[SourceVersionDate "2022.11.30"]
[SourceQuality "1"]

1. e4 e5 2. Nf3 Nc6 3. Bb5 a6 4. Ba4 Nf6 5. d3 b5 6. Bb3 Be7 7. a4 b4 8. a5 0-0 9. 0-0 d6 10. h3 Rb8 11. Nbd2 Be6 12. Nc4 Bxc4 13. Bxc4 Qc8 14. Qe2 Qb7 15. Bd2 h6 16. c3 bxc3 17. bxc3 Na7 18. Rfe1 Nb5 19. Nh4 Rfe8 20. Nf5 Bf8 21. Qf3 c6 22. Nxh6+ gxh6 23. Qxf6 Bg7 24. Qh4 Kh7 25. Ba2 Qe7 26. Qh5 Rf8 27. Rab1 Rbc8 28. Rbc1 Rb8 29. Rb1 Rbc8 30. Rf1 Qf6 31. f4 Qg6 32. Qf3 f5 33. exf5 Rxf5 34. Kh2 exf4 35. Rbe1 Re8 36. Rxe8 Qxe8 37. Re1 Qd7 38. Be6 Qd8 39. Bxf5+ Kh8 40. Qh5 Nc7 41. Bxf4 1-0

[Event "Barcelona Sant Marti op-B 22nd"]
[Site "Barcelona"]
[Date "2022.07.15"]
[Round "3"]
[White "Torres Teruel, Joan"]
[Black "Balague Orduna, Enric"]
[Result "1-0"]
[WhiteElo "1752"]
[BlackElo "1924"]
[PlyCount "69"]
[EventDate "2022.07.13"]
[EventType "swiss"]
[EventRounds "9"]
[EventCountry "ESP"]
[SourceTitle "CBM 210 Extra"]
[Source "ChessBase"]
[SourceDate "2022.11.30"]
[SourceVersion "1"]
[SourceVersionDate "2022.11.30"]
[SourceQuality "1"]

1. d4 Nf6 2. c4 g6 3. Nc3 Bg7 4. e4 d6 5. f4 0-0 6. Nf3 Na6 7. e5 Nd7 8. Be2 dxe5 9. dxe5 Ndc5 10. Be3 c6 11. b4 Ne6 12. Qb3 Qc7 13. 0-0 Bd7 14. c5 Rad8 15. Rac1 Bc8 16. Ne4 Nb8 17. a4 a6 18. Bc4 h6 19. Ng3 Nxf4 20. Bxf4 g5 21. Bd2 g4 22. Nh4 e6 23. Bf4 Qe7 24. Ngf5 exf5 25. Ng6 Qe8 26. Nxf8 Kxf8 27. Rfe1 Be6 28. Rcd1 Rxd1 29. Rxd1 Nd7 30. Rd6 Bxc4 31. Qxc4 Nxe5 32. Qc1 Ng6 33. Qd2 Qe4 34. Rd8+ Ke7 35. Qd6# 1-0

[Event "Barcelona Sant Marti op-B 21st"]
[Site "Barcelona"]
[Date "2019.07.17"]
[Round "5"]
[White "Balague Orduna, Enric"]
[Black "Ramon Herraez, Alex"]
[Result "0-1"]
[WhiteElo "1893"]
[BlackElo "1776"]
[PlyCount "78"]
[EventDate "2019.07.13"]
[EventType "swiss"]
[EventRounds "9"]
[EventCountry "ESP"]
[SourceTitle "EXT 2020"]
[Source "ChessBase"]
[SourceDate "2019.10.17"]
[SourceVersion "1"]
[SourceVersionDate "2019.10.17"]
[SourceQuality "1"]

1. d4 d5 2. e3 Nf6 3. Bd3 e6 4. f4 Be7 5. Nf3 0-0 6. 0-0 c5 7. c3 Nbd7 8. Nbd2 c4 9. Bc2 b5 10. Ne5 Bb7 11. Qf3 b4 12. Qh3 bxc3 13. bxc3 Nxe5 14. fxe5 Ne4 15. Nxe4 dxe4 16. Qg4 Qa5 17. Bd2 Rab8 18. Rfb1 Ba3 19. Rxb7 Rxb7 20. Qxe4 Rfb8 21. Qxh7+ Kf8 22. Qh8+ Ke7 23. Qxg7 Rf8 24. Rf1 Kd8 25. Bg6 Qc7 26. Bh5 Qe7 27. Be1 Kc8 28. g4 Bc1 29. Qh6 Rb2 30. Rf2 Rxf2 31. Bxf2 Bd2 32. Qh7 Bxc3 33. Qc2 Qb4 34. g5 Bd2 35. Be2 c3 36. h4 Kc7 37. Qd3 Rb8 38. Qa6 c2 39. Qxa7+ Rb7 0-1

[Event "Barcelona Tupinamba op-A 14th"]
[Site "Barcelona"]
[Date "2019.06.05"]
[Round "9.9"]
[White "Balague Orduna, Enric"]
[Black "Torrent Diaz, Carlos"]
[Result "1/2-1/2"]
[WhiteElo "1904"]
[BlackElo "1766"]
[PlyCount "71"]
[EventDate "2019.03.27"]
[EventType "swiss"]
[EventRounds "9"]
[EventCountry "ESP"]
[SourceTitle "EXT 2024"]
[Source "ChessBase"]
[SourceDate "2023.10.10"]
[SourceVersion "1"]
[SourceVersionDate "2023.10.10"]
[SourceQuality "1"]

1. Nf3 Nf6 2. g3 d5 3. h3 c5 4. Bg2 Nc6 5. 0-0 e5 6. d3 h6 7. Nc3 Bd6 8. e4 dxe4 9. dxe4 a6 10. Qe2 0-0 11. a4 Re8 12. Nb1 Be6 13. c3 Na5 14. Nfd2 Qd7 15. Kh2 b5 16. Na3 Nb3 17. Nxb3 Bxb3 18. axb5 axb5 19. Be3 Ba4 20. Rfc1 b4 21. cxb4 cxb4 22. Nc4 Bb5 23. Rxa8 Rxa8 24. Qe1 Rc8 25. Nxd6 Rxc1 26. Qxc1 Qxd6 27. Qc8+ Kh7 28. Qc5 Qxc5 29. Bxc5 b3 30. Bd6 Bd3 31. f3 Nd7 32. h4 f6 33. Bh3 Nb6 34. Be6 Bc4 35. Bc5 Bxe6 36. Bxb6 1/2-1/2

[Event "Montcada op-B 26th"]
[Site "Montcada"]
[Date "2018.07.01"]
[Round "8"]
[White "Nadal Fajardo, Ricard"]
[Black "Balague Orduna, Enric"]
[Result "1/2-1/2"]
[WhiteElo "1914"]
[BlackElo "1940"]
[PlyCount "53"]
[EventDate "2018.06.25"]
[EventType "swiss"]
[EventRounds "9"]
[EventCountry "ESP"]
[SourceTitle "EXT 2019"]
[Source "ChessBase"]
[SourceDate "2018.10.10"]
[SourceVersion "1"]
[SourceVersionDate "2018.10.10"]
[SourceQuality "1"]

1. c4 e5 2. Nc3 Nf6 3. g3 Bb4 4. Nd5 Bc5 5. Bg2 0-0 6. d3 c6 7. Nxf6+ Qxf6 8. Nf3 h6 9. 0-0 d6 10. Rb1 Na6 11. a3 Nc7 12. b4 Bb6 13. Bb2 Qe7 14. Qd2 Rb8 15. Rbc1 Bf5 16. c5 dxc5 17. Bxe5 cxb4 18. Qf4 Qd7 19. axb4 Rbc8 20. Bb2 Bh3 21. Bxh3 Qxh3 22. Rc4 Ne6 23. Qe5 Bc7 24. Qe3 Bb6 25. Qe5 Bc7 26. Qe3 Bb6 27. Qe5 1/2-1/2

[Event "Montcada op-B 26th"]
[Site "Montcada"]
[Date "2018.06.29"]
[Round "5"]
[White "Balague Orduna, Enric"]
[Black "Salazar Navas, Josep"]
[Result "1-0"]
[WhiteElo "1940"]
[BlackElo "1675"]
[PlyCount "37"]
[EventDate "2018.06.25"]
[EventType "swiss"]
[EventRounds "9"]
[EventCountry "ESP"]
[SourceTitle "EXT 2019"]
[Source "ChessBase"]
[SourceDate "2018.10.10"]
[SourceVersion "1"]
[SourceVersionDate "2018.10.10"]
[SourceQuality "1"]

1. Nf3 Nf6 2. g3 Nc6 3. Bg2 e5 4. d3 g6 5. 0-0 Bg7 6. Nc3 d6 7. e4 h6 8. h3 0-0 9. Ne1 Be6 10. f4 Qd7 11. Kh2 Ne8 12. Nf3 f5 13. Nh4 Kh7 14. Be3 exf4 15. gxf4 Nf6 16. Rg1 Bh8 17. Nxg6 Kxg6 18. exf5+ Bxf5 19. Bxc6+ 1-0

[Event "Premia de Mar 4th"]
[Site "Premia de Mar"]
[Date "2017.10.13"]
[Round "2.5"]
[White "Balague Orduna, Enric"]
[Black "Llonch Mur, Jordi"]
[Result "1/2-1/2"]
[WhiteElo "2000"]
[BlackElo "2042"]
[PlyCount "45"]
[EventDate "2017.10.06"]
[EventType "tourn"]
[EventRounds "9"]
[EventCountry "ESP"]
[SourceTitle "EXT 2024"]
[Source "ChessBase"]
[SourceDate "2023.10.10"]
[SourceVersion "1"]
[SourceVersionDate "2023.10.10"]
[SourceQuality "1"]

1. d4 Nf6 2. c4 e6 3. Nf3 Bb4+ 4. Bd2 Bxd2+ 5. Nbxd2 d6 6. Qc2 Qe7 7. e3 Nbd7 8. Bd3 b6 9. 0-0 Bb7 10. h3 h6 11. b4 a5 12. a3 0-0 13. Rfe1 axb4 14. axb4 Rxa1 15. Rxa1 Ra8 16. Rxa8+ Bxa8 17. e4 e5 18. d5 Bb7 19. Qb2 Nh7 20. Nb3 Ng5 21. Nxg5 hxg5 22. Qd2 g6 23. g4 1/2-1/2

[Event "Barcelona Tardor op 2nd"]
[Site "Barcelona"]
[Date "2014.10.27"]
[Round "4"]
[White "Balague Orduna, Enric"]
[Black "Perez Pastora, Evaristo"]
[Result "1/2-1/2"]
[WhiteElo "2102"]
[BlackElo "2258"]
[PlyCount "129"]
[EventDate "2014.10.06"]
[EventType "swiss"]
[EventRounds "8"]
[EventCountry "ESP"]
[SourceTitle "EXT 2016"]
[Source "ChessBase"]
[SourceDate "2015.10.08"]
[SourceVersion "1"]
[SourceVersionDate "2015.10.08"]
[SourceQuality "1"]

1. d4 Nf6 2. Bg5 Ne4 3. Bh4 c5 4. f3 Qa5+ 5. c3 Nf6 6. d5 d6 7. e4 Nbd7 8. Nh3 g6 9. Nd2 Bg7 10. Be2 0-0 11. Nf2 Qc7 12. 0-0 Rb8 13. a4 b6 14. Nc4 a6 15. Ne3 b5 16. axb5 axb5 17. Qc2 b4 18. cxb4 Rxb4 19. Nd3 Rb8 20. Ra2 Bb7 21. Rfa1 Rfc8 22. Be1 Ra8 23. Rxa8 Bxa8 24. Nc4 Qb8 25. Ra5 e6 26. dxe6 fxe6 27. Bg3 Ne8 28. Nf4 Bd4+ 29. Bf2 e5 30. Bxd4 cxd4 31. Nd3 Qc7 32. Qa4 Bc6 33. Qa2 Kg7 34. Nb4 Nc5 35. Ra7 Bb7 36. Nd5 Qb8 37. b4 d3 38. Bd1 Ne6 39. Ndb6 Rc7 40. Ra3 Bc6 41. Rxd3 Bb5 42. Bb3 Bxc4 43. Nxc4 Qxb4 44. Nd2 Nf4 45. Re3 Qd4 46. Nf1 Rc3 47. Kf2 Nd3+ 48. Kg3 Rc7 49. Qd2 Nc5 50. Bd5 Nf6 51. Qa2 Nh5+ 52. Kh3 Nf4+ 53. Kg3 h5 54. Qa8 Nxd5 55. Qxd5 Qxd5 56. exd5 Kf6 57. Nd2 Na4 58. Ne4+ Ke7 59. Kh4 Nb6 60. Rd3 Rc2 61. g3 Rxh2+ 62. Kg5 Rh1 63. Kxg6 h4 64. gxh4 Rxh4 65. Kg5 1/2-1/2

[Event "Barcelona Tupinamba op 6th"]
[Site "Barcelona"]
[Date "2011.05.11"]
[Round "9"]
[White "Balague Orduna, Enric"]
[Black "Serrano Pertinez, Miquel"]
[Result "0-1"]
[WhiteElo "1953"]
[BlackElo "2123"]
[PlyCount "76"]
[EventDate "2011.03.09"]
[EventType "swiss"]
[EventRounds "9"]
[EventCountry "ESP"]
[SourceTitle "EXT 2012"]
[Source "ChessBase"]
[SourceDate "2011.11.24"]
[SourceVersion "1"]
[SourceVersionDate "2011.11.24"]
[SourceQuality "1"]

1. Nf3 e6 2. g3 b6 3. Bg2 Bb7 4. 0-0 c5 5. d3 g6 6. Nc3 Bg7 7. e4 Nc6 8. Rb1 Nge7 9. Bf4 d6 10. Qd2 h6 11. Nb5 e5 12. Be3 Nd4 13. Na3 d5 14. Bxd4 cxd4 15. exd5 Bxd5 16. Rbe1 f6 17. c4 dxc3 18. bxc3 0-0 19. Nh4 Rc8 20. Bxd5+ Qxd5 21. c4 Qd7 22. Qe2 Rfd8 23. Rd1 g5 24. Ng2 Rc5 25. Rfe1 Ra5 26. Nb1 Nf5 27. Ne3 Nd4 28. Qh5 Qf7 29. Qxf7+ Kxf7 30. Kg2 Bf8 31. a3 Bxa3 32. Nxa3 Rxa3 33. Nd5 Rd7 34. Rd2 b5 35. f4 exf4 36. gxf4 bxc4 37. dxc4 Nf3 38. Rf1 Nxd2 0-1

[Event "Barcelona Tupinamba op 6th"]
[Site "Barcelona"]
[Date "2011.03.16"]
[Round "2"]
[White "Balague Orduna, Enric"]
[Black "Dominguez Pons, Eric"]
[Result "1/2-1/2"]
[WhiteElo "1953"]
[BlackElo "2313"]
[PlyCount "126"]
[EventDate "2011.03.09"]
[EventType "swiss"]
[EventRounds "9"]
[EventCountry "ESP"]
[SourceTitle "EXT 2012"]
[Source "ChessBase"]
[SourceDate "2011.11.24"]
[SourceVersion "1"]
[SourceVersionDate "2011.11.24"]
[SourceQuality "1"]

1. Nf3 c5 2. g3 g6 3. Bg2 Bg7 4. 0-0 Nc6 5. d3 e6 6. Nc3 Nge7 7. e4 0-0 8. Bf4 d6 9. Qd2 Re8 10. Bh6 Bh8 11. h4 a6 12. h5 b5 13. hxg6 hxg6 14. Rae1 b4 15. Nd1 Qa5 16. Qf4 Ne5 17. Nxe5 Bxe5 18. Qh4 Bb7 19. f4 Bd4+ 20. Kh2 Qc7 21. g4 Nc6 22. Bg5 Bg7 23. Re3 Kf8 24. Rh3 Ne7 25. Bh6 Ng8 26. Bxg7+ Kxg7 27. Qh8+ Kf8 28. Rh7 Rac8 29. Qg7+ Ke7 30. Qxf7+ Kd8 31. Qxg6 Qc6 32. Rg7 Ne7 33. Qxe6 Rc7 34. Qf7 Kc8 35. Ne3 Kb8 36. f5 d5 37. Qe6 Qxe6 38. fxe6 dxe4 39. Bxe4 Bxe4 40. dxe4 Rc6 41. Nd5 Rxe6 42. Rxe7 R6xe7 43. Nxe7 Rxe7 44. Re1 Kc7 45. Kg3 Kd6 46. g5 Ke5 47. Kg4 Rh7 48. Re2 Rh1 49. c3 a5 50. Re3 Rh2 51. cxb4 axb4 52. g6 Kf6 53. e5+ Kxg6 54. e6 Rh8 55. Re5 Rc8 56. e7 Kf7 57. Kf5 c4 58. Ke4 c3 59. bxc3 bxc3 60. e8Q+ Rxe8 61. Rxe8 Kxe8 62. Kd3 Kd7 63. Kxc3 Kc6 1/2-1/2

[Event "Sant Boi op-B"]
[Site "Sant Boi de Llobregat"]
[Date "2000.05.26"]
[Round "3"]
[White "Balague Orduna, Enric"]
[Black "Rodriguez Lara, Dionisio"]
[Result "1-0"]
[WhiteElo "1975"]
[BlackElo "1800"]
[PlyCount "45"]
[EventDate "2000.05.12"]
[EventType "swiss"]
[EventRounds "5"]
[EventCountry "ESP"]
[SourceTitle "EXT 2003"]
[Source "ChessBase"]
[SourceDate "2002.11.25"]
[SourceVersion "1"]
[SourceVersionDate "2002.11.25"]
[SourceQuality "1"]

1. d4 d5 2. c4 c6 3. g3 e6 4. Bg2 Nf6 5. Nf3 Be7 6. 0-0 Nbd7 7. b3 b6 8. Nbd2 Qc7 9. Bb2 Bb7 10. Rc1 a5 11. Ne5 c5 12. cxd5 Nxe5 13. d6 Bxd6 14. dxe5 Bxg2 15. exd6 Qc6 16. Re1 Bh3 17. Nf3 Rd8 18. Be5 Ne4 19. Bxg7 Rxd6 20. Qc2 Nd2 21. Bxh8 Nxf3+ 22. exf3 Bf5 23. Qxf5 1-0

[Event "Catalunya Club op"]
[Site "Spain"]
[Date "1999.??.??"]
[Round "?"]
[White "Balague Orduna, Enric"]
[Black "Arteaga Boix, David"]
[Result "1-0"]
[WhiteElo "1995"]
[BlackElo "1930"]
[PlyCount "99"]
[EventDate "1999.??.??"]
[EventType "swiss"]
[EventRounds "9"]
[EventCountry "ESP"]
[SourceTitle "EXT 2000"]
[Source "ChessBase"]
[SourceDate "1999.11.16"]
[SourceVersion "1"]
[SourceVersionDate "1999.11.16"]
[SourceQuality "1"]

1. d4 e6 2. c4 d5 3. g3 c6 4. Bg2 Nf6 5. Nf3 Nbd7 6. 0-0 Bd6 7. Nc3 0-0 8. Qc2 e5 9. cxd5 cxd5 10. dxe5 Nxe5 11. Bg5 Nxf3+ 12. Bxf3 Bh3 13. Rfd1 Qc7 14. Bxf6 gxf6 15. Rxd5 Be5 16. Qd2 Bxc3 17. Qxc3 Qxc3 18. bxc3 Rac8 19. Rc1 Be6 20. Ra5 Rfd8 21. Rxa7 Bh3 22. e3 b5 23. Rb7 Rd2 24. Rxb5 Rxa2 25. Rbb1 Ra3 26. c4 Ra5 27. Bd5 f5 28. Ra1 Rac5 29. Ra8 Rxa8 30. Bxa8 h5 31. Bg2 Bxg2 32. Kxg2 Kg7 33. Kf3 Kf6 34. Ke2 Ke5 35. Kd3 f6 36. Rb1 Rc8 37. Rb5+ Ke6 38. Rb6+ Kf7 39. Rb7+ Kg6 40. Kc3 Ra8 41. Kb2 Kg5 42. Rb6 Rf8 43. c5 Rc8 44. c6 Kg4 45. Kc3 Kf3 46. Kc4 Ke4 47. Kc5 Ke5 48. f4+ Ke6 49. c7+ Ke7 50. Kc6 1-0

[Event "Catalunya Club op"]
[Site "Spain"]
[Date "1999.??.??"]
[Round "?"]
[White "Cotes Martinez, Joan"]
[Black "Balague Orduna, Enric"]
[Result "0-1"]
[WhiteElo "1875"]
[BlackElo "1995"]
[PlyCount "68"]
[EventDate "1999.??.??"]
[EventType "swiss"]
[EventRounds "9"]
[EventCountry "ESP"]
[SourceTitle "EXT 2000"]
[Source "ChessBase"]
[SourceDate "1999.11.16"]
[SourceVersion "1"]
[SourceVersionDate "1999.11.16"]
[SourceQuality "1"]

1. c4 e5 2. Nc3 d6 3. g3 Nf6 4. Bg2 c6 5. e4 Be7 6. Nge2 0-0 7. b3 Ne8 8. 0-0 f5 9. d3 Na6 10. Be3 Nf6 11. Bd2 Nc5 12. Qc2 fxe4 13. dxe4 Be6 14. Be3 Na6 15. h3 Qd7 16. Kh2 Rfd8 17. Rad1 Qe8 18. f4 Qh5 19. Qc1 Ng4+ 20. Kg1 Nxe3 21. Qxe3 Bxh3 22. Bxh3 Qxh3 23. Rf2 d5 24. Na4 b5 25. Rh2 Qg4 26. Kg2 d4 27. Qd3 bxa4 28. Rdh1 h6 29. fxe5 Nc5 30. Qd2 Qxe4+ 31. Kf1 Qf3+ 32. Ke1 Nd3+ 33. Kd1 Nf2+ 34. Rxf2 Qxh1+ 0-1